000
00219nam a22000857a 4500
008
161125b xxu||||| |||| 00| 0 eng d
100
_9
1434
_a
Verma.R.
245
_a
CCE Mathematics-X(T-II)
260
_a
New Delhi
_b
S. chand
_c
2011
999
_c
4157
_d
4157